Welcome to CU Library Online Public Access Catalogue (OPAC)

Keyboarding & Word Processing (Record no. 8139)

MARC details
000 -LEADER
fixed length control field 00564nam a22001817a 4500
005 - DATE AND TIME OF LATEST TRANSACTION
control field 20251108105749.0
008 - FIXED-LENGTH DATA ELEMENTS--GENERAL INFORMATION
fixed length control field 251108b |||||||| |||| 00| 0 eng d
020 ## - INTERNATIONAL STANDARD BOOK NUMBER
International Standard Book Number 9780538728003
050 ## - LIBRARY OF CONGRESS CALL NUMBER
Classification number Z49.2
Item number .V38
245 ## - TITLE STATEMENT
Title Keyboarding & Word Processing
Statement of responsibility, etc. Susie H. VanHuss, Connie M. Forde, Donna L. Woo & Linda Hefferin
260 ## - PUBLICATION, DISTRIBUTION, ETC.
Place of publication, distribution, etc. Australia
Name of publisher, distributor, etc. Thomson South-Western
Date of publication, distribution, etc. 2006
300 ## - PHYSICAL DESCRIPTION
Extent xxiv. 138p.
Other physical details ill. color
Dimensions 28cm
700 ## - ADDED ENTRY--PERSONAL NAME
Personal name VanHuss, Susie H.
700 ## - ADDED ENTRY--PERSONAL NAME
Personal name Forde, Connie M.
700 ## - ADDED ENTRY--PERSONAL NAME
Personal name Woo, Donna L.
700 ## - ADDED ENTRY--PERSONAL NAME
Personal name Hefferin, Linda
942 ## - ADDED ENTRY ELEMENTS (KOHA)
Source of classification or shelving scheme Library of Congress Classification
Koha item type Books
Suppress in OPAC No
999 ## -
-- 8139
-- 8139
Holdings
Withdrawn status Lost status Source of classification or shelving scheme Damaged status Not for loan Collection Home library Current library Shelving location Date acquired Total checkouts Full call number Barcode Date last seen Copy number Price effective from Koha item type
    Library of Congress Classification     Non-fiction Science Library (Miotso) Science Library (Miotso) General stacks 11/08/2025   Z49.2 .V38 KEY SLM00005573 11/08/2025 1 11/08/2025 Books
    Library of Congress Classification     Non-fiction Science Library (Miotso) Science Library (Miotso) General stacks 11/08/2025   Z49.2 .V38 KEY SLM00005574 11/08/2025 2 11/08/2025 Books
© 2023-2024 Copyright: Central University Libraries. All Rights Reserved | Created by: Mahone Tech Office